Trouvez les pays - B - Statistiques

Statistiques générales
  • Ce quiz a été pris 115 fois
  • Le résultat moyen est 15 sur 18
Statistiques - réponses
Par images Réponse % Correct
Belgique
99%
Brésil
99%
Bhoutan
94%
Bangladesh
93%
Bulgarie
90%
Biélorussie
86%
Bosnie-Herzégovine
86%
Bahreïn
85%
Barbade
83%
Birmanie
83%
Bolivie
83%
Bénin
82%
Botswana
81%
Bahamas
79%
Belize
77%
Burundi
77%
Burkina Faso
75%
Brunei
72%
Aucun quiz correspondant
Distribution des résultats
% des personnes avec chaque résultat
Percentile par nombre de réponses
Votre historique - résultats
Vous n’avez pas pris ce quiz